[Event "93rd FRA-ch Acession 2018"]
[Site "Nimes"]
[Date "2018.08.18"]
[Round "1"]
[White "Lagarde, Maxime"]
[Black "O'Sullivan, Thomas"]
[Result "0-1"]
[WhiteElo "2607"]
[BlackElo "2293"]
[Annotator "TA"]
[PlyCount "100"]
[EventDate "2018.08.18"]
[EventType "tourn"]
[EventCountry "FRA"]
[SourceTitle "playchess.com"]
[Source "ChessBase"]
[SourceQuality "1"]

{[%evp 15,100,-7,0,0,0,0,14,5,14,4,11,11,15,8,9,0,6,0,0,0,14,9,26,20,19,-21,-17,-42,-10,-53,-36,-88,-87,-83,-84,-69,-64,-86,-77,-84,-66,-82,-62,-76,-34,-50,-37,-18,0,0,0,0,0,0,0,-77,-71,-95,-103,-110,-127,-126,-120,-134,-102,-131,-116,-157,-163,-435,-410,-775,-775,-718,-544,-5261,-1753,-7264,-7264,-6770,-6455,-5073,-1275,-7264,-6466,-6328,-6216]} 1. e4 c5 2. Nc3 a6 3. g3 b5 {[%cal Bb7b5,Bb5b4][%mdl 32]} 4. Bg2 Bb7 5. a4 (5. d3 e6 6. f4 Nf6 7. Nf3 d6 8. O-O Be7 9. a4 b4 10. Ne2 c4 11. b3 cxd3 12. cxd3 O-O 13. h3 Nc6 14. g4 Nd7 15. g5 {1-0 (51) Duda,J (2717)-Fedorchuk,S (2648) Katowice 2017}) 5... b4 6. Nd5 {B23: Sizilianisch (Geschlossenes System)} e6 7. Ne3 Nf6 8. d3 d5 {LiveBook: 5 Partien} 9. exd5 Nxd5 10. Nc4 Nd7 $146 {Droht ...Sc3 und aus.} ({Viel schwächer wäre} 10... Nc3 $6 11. Bxb7 Nxd1 12. Bxa8 $16) ({Vorgänger:} 10... Nc3 11. Bxb7 Nxd1 12. Bxa8 Nxf2 13. Kxf2 {1-0 (55) Longa Yauca,J (2290)-Bartolome Martin,A (1842) Madrid 2016}) 11. Nf3 Be7 12. a5 Qc7 13. O-O O-O 14. Re1 Rad8 15. Bd2 Rfe8 16. c3 Bf6 {[%cal Rb4c3]} 17. Qc1 e5 18. h4 Qb8 19. Nh2 Be7 20. Bh3 N5f6 21. Nf1 Bf8 22. Nfe3 Qc7 23. cxb4 ({Lieber} 23. Bg2 $15) 23... cxb4 $17 24. Nb6 Qxc1 25. Rexc1 {zielt auf Tc7 ab.} Nc5 {Weiss muss nun ...Sb3 beachten.} 26. Bxb4 Nb3 27. Bxf8 Kxf8 (27... Nxa1 $6 28. Bb4 $14) 28. Rc7 Nxa1 29. Rxb7 Re7 ({Doch nicht} 29... Rxd3 $6 30. Bf1 $14) 30. Rxe7 Kxe7 31. b4 $1 Nb3 ({Natürlich nicht} 31... Rxd3 $6 32. b5 $1 $14 {[%mdl 512]}) 32. Bc8 {[#]} Rxc8 $1 {[%mdl 512]} 33. Nxc8+ $11 {[%mdl 4096] Endspiel KSS-KSS} Kd7 $1 {[%cal Rd7c8]} 34. Nb6+ Kc6 35. Nec4 {[#]} (35. Nbc4 $11) 35... Kb5 $1 $17 36. Nxe5 Kxb4 37. Nxf7 Kxa5 38. Nc4+ Kb4 {[%mdl 1024] Schwarz hat starke Kompensation.} 39. Nfe5 a5 40. g4 a4 41. g5 Nd5 42. g6 $2 (42. Kg2 {ist eine bessere Verteidigung.}) 42... hxg6 $19 43. Kg2 (43. Nc6+ $142 Kc3 44. Kg2) 43... Na5 {Schwarz steht klar auf Gewinn.} 44. Kf3 Nxc4 45. Nxc4 {[#]} Nb6 $1 {[%mdl 512]} 46. Nxb6 {KS-K3B} a3 47. Nd5+ Kb3 48. Nf4 a2 49. Nxg6 a1=Q 50. Nf4 Qe5 {Precision: Weiß = 27%, Schwarz = 63%.} 0-1

[Event "93rd FRA-ch Acession 2018"]
[Site "Nimes"]
[Date "2018.08.18"]
[Round "1"]
[White "Bailet, Pierre"]
[Black "Valuet, Bertrand"]
[Result "1-0"]
[WhiteElo "2496"]
[BlackElo "2285"]
[Annotator "TA"]
[PlyCount "57"]
[EventDate "2018.08.18"]
[EventType "tourn"]
[EventCountry "FRA"]
[SourceTitle "playchess.com"]
[Source "ChessBase"]
[SourceQuality "1"]

{[%evp 17,57,2,79,75,106,53,42,27,2,10,182,193,200,162,191,61,122,0,7,1,803,807,783,782,754,731,1559,1585,2123,1993,2039,1794,1768,1653,29984,29985,29985,29986,29989,29990,29991,29992]} 1. e4 c5 2. Nf3 Nc6 3. Bb5 e6 4. O-O Nge7 5. Nc3 a6 6. Bxc6 Nxc6 7. d4 cxd4 8. Nxd4 Qc7 9. Re1 b5 {LiveBook: 3 Games. B30: Sicilian: 2...Nc6 3 Bb5, lines without ...g6} (9... d6 $11 {remains equal.}) (9... Bd6 10. Kh1 Nxd4 11. Qxd4 Be5 12. Qd3 O-O 13. a4 b6 14. Be3 Bb7 15. f4 Bxc3 16. bxc3 Rac8 {0-1 (16) Bailet,P (2501)-Rodshtein,M (2678) Brest 2018}) 10. Nd5 $1 $16 {[%cal Rd5c7]} Qb8 {[#]} 11. Nf5 $146 (11. a4 $1 $16) ({Predecessor:} 11. Bg5 Bd6 12. Nxc6 dxc6 13. e5 cxd5 14. exd6 Qxd6 15. a4 b4 16. Qg4 e5 17. Qd4 {½-½ (27) Bailet,P (2501)-Migot,T (2390) Angers 2018}) 11... d6 $14 {White is slightly better.} 12. Qg4 exd5 13. exd5+ Ne7 $2 (13... Ne5 $11 {and Black is okay.} 14. Nxg7+ Kd8) 14. Nxg7+ $18 Kd8 {[#]} 15. Qh4 $1 {aiming for Qf6.} Qb7 16. Bg5 (16. Bh6 $18) 16... Rg8 $14 17. Qxh7 (17. Qh6 $16 Bd7 18. Bxe7+ (18. Qxd6 Kc8 $14) 18... Bxe7 19. Qxh7) 17... Rxg7 $11 18. Qh8 $36 {[%mdl 2048] White is pushing.} Ke8 $2 {[%mdl 8192]} (18... Kc7 $11 19. Qxf8 Nf5 20. Bd8+ Kb8) 19. Rxe7+ $18 Qxe7 20. Bxe7 Kxe7 21. Re1+ Kf6 22. Qxf8 Rxg2+ 23. Kh1 ({Less strong is} 23. Kxg2 Bh3+ 24. Kxh3 Rxf8 $18) 23... Rg6 24. Qxd6+ Kg7 25. Qe5+ f6 26. Qc7+ {White mates.} Kh6 27. Qf4+ Kh5 28. Re7 Rh6 29. Rg7 {Precision: White = 53%, Black = 32%.} 1-0

[Event "93rd FRA-ch Acession 2018"]
[Site "Nimes"]
[Date "2018.08.18"]
[Round "1"]
[White "Guadalpi, David"]
[Black "Riff, Jean Noel"]
[Result "0-1"]
[WhiteElo "2289"]
[BlackElo "2510"]
[Annotator "TA"]
[PlyCount "102"]
[EventDate "2018.08.18"]
[EventType "tourn"]
[EventCountry "FRA"]
[SourceTitle "playchess.com"]
[Source "ChessBase"]
[SourceQuality "1"]

{[%evp 18,102,22,19,0,12,11,-20,1,-3,15,7,6,-24,-19,-25,-7,-33,-33,-31,-18,-46,0,-54,-36,-45,-42,-41,-37,-19,-17,-41,-41,-40,-19,-39,-38,-45,-33,-43,-42,-41,-29,-47,-22,-32,-25,-43,0,0,0,0,0,0,0,0,230,200,185,-10,0,0,0,0,0,-45,-45,-53,0,0,0,0,0,-109,0,0,0,-101,-90,-29994,-29995,-29995,-29996,-29997,-29998,-29998,-29999]} 1. e4 c5 2. Nf3 d6 3. Bb5+ Nd7 4. O-O a6 5. Bd3 Ngf6 6. c3 {B51: Sicilian: Moscow Variation (3 Bb5+) without 3...Bd7} b5 7. a4 Bb7 8. Re1 c4 9. Bc2 e6 10. axb5 {LiveBook: 23 Games} axb5 11. Rxa8 Qxa8 12. Na3 Be7 13. d3 $146 ({Predecessor:} 13. Nxb5) 13... cxd3 14. Qxd3 O-O {Black wants to play ...Bxe4.} 15. Qxb5 Nc5 {[%cal Rb7e4]} 16. Qe2 Ncxe4 17. Nd4 Nc5 18. f3 Ba6 19. Qd1 Nd5 20. Nb3 (20. b4 $11) 20... Qa7 21. Qd4 Bf6 22. Qf2 Rb8 (22... Qc7 {is more complex.} 23. Nxc5 dxc5 24. Qg3 Qb6 25. f4 Ne7) 23. Nxc5 dxc5 24. Qg3 g6 25. Be4 Rd8 26. Nc2 Qe7 {...Bh4 is the strong threat.} 27. Qf2 Qc7 28. g3 Bg7 29. Ne3 Nb6 30. Bc2 Bb7 31. Be4 c4 32. Ng4 h5 33. Bf4 Qc8 34. Nh6+ Bxh6 $1 35. Bxh6 Na4 36. Be3 f5 $2 (36... Bxe4 $11 37. fxe4 e5) 37. Bxb7 $18 Qxb7 38. Re2 $2 (38. Bd4 $1 $18 Re8 39. Qe3) 38... Rd1+ 39. Kg2 Rb1 40. Bg5 {Black must now prevent Qd4.} Rxb2 41. Rd2 Rxd2 42. Bxd2 Qd5 ({Black should play} 42... e5 $15) 43. Bh6 $11 {And now Qa7 would win.} Nc5 44. Qb2 {aiming for Qb8+.} Kh7 45. Qb8 {[#]} (45. Bg5 $11) 45... Qb7 ({And not} 45... Kxh6 46. Qh8+ Kg5 47. h4#) (45... Nd7 $1 $17 {[%cal Rd7b8]} 46. Qd8 Ne5 47. Qxd5 exd5) 46. Qf8 $1 {Strongly threatening Be3.} Nd3 $1 {[%cal Rd3e5] Hoping for ...Ne5.} 47. Bd2 {[#]} (47. Be3 $11 {remains equal.} f4 48. Bxf4 Qb2+ 49. Kh3 Nxf4+ 50. Qxf4) 47... Ne5 $1 $17 48. Bf4 $2 {[%mdl 8192]} (48. Qh6+ $17 Kg8 49. Qf4) 48... Qxf3+ {Black mates.} 49. Kg1 Qd1+ 50. Kg2 Qe2+ 51. Kh3 Qf1+ {Precision: White = 41%, Black = 47%.} 0-1

[Event "93rd FRA-ch Acession 2018"]
[Site "Nimes"]
[Date "2018.08.18"]
[Round "1"]
[White "Pucher, Sebastien"]
[Black "Barseghyan, Harutyun"]
[Result "0-1"]
[WhiteElo "2283"]
[BlackElo "2474"]
[Annotator "TA"]
[PlyCount "118"]
[EventDate "2018.08.18"]
[EventType "tourn"]
[EventCountry "FRA"]
[SourceTitle "playchess.com"]
[Source "ChessBase"]
[SourceQuality "1"]

{[%evp 9,118,-18,-23,-21,-4,-8,-16,-13,-16,-14,-12,-8,-13,-6,0,-7,0,-14,-11,-12,-5,-11,-1,-13,-5,-18,0,-40,-36,-31,-23,-22,-27,-33,-30,-41,-36,-43,-5,-10,0,-21,-7,-96,-117,-107,-99,-117,-108,-170,-182,-161,-152,-147,-158,-205,-212,-204,-196,-184,-183,-177,-181,-325,-160,-311,-250,-240,-51,-45,-41,-188,-31,-42,0,-48,-12,-8,-8,-18,0,-49,-49,-45,-48,-125,0,0,0,0,0,0,0,0,0,-29973,-29973,-29965,-29973,-29972,-29974,-29973,-29975,-29977,-29978,-29976,-29979,-29985,-29986,-29986,-29981]} 1. Nf3 d5 2. b3 Bg4 3. Ne5 Bf5 4. e3 Nd7 5. Bb2 (5. Nxd7 Qxd7 6. Bb2 Nf6 7. Be2 e6 8. g4 Bg6 9. d3 O-O-O 10. Nd2 Qe8 11. f4 {0-1 (38) Romanov,E (2640)-Motylev,A (2658) Zuerich 2017}) 5... Nxe5 6. Bxe5 {A06: Réti Opening:1 Nf3 d5} c6 7. Be2 e6 $146 ({Predecessor:} 7... f6 8. Bb2 e5 9. O-O Bd6 10. c4 Ne7 11. cxd5 cxd5 {0-1 (22) Mrozinski,W-Kandic,M (2315) Dortmund 1998}) 8. O-O {The position is equal.} Nf6 9. c4 Bd6 10. Bxd6 Qxd6 11. d4 O-O 12. c5 Qe7 13. Nc3 e5 14. b4 a6 15. a4 Rfe8 16. Qd2 Nd7 {[%cal Bf6d7,Bd7f8,Bf8e6][%mdl 32]} 17. Rfd1 Nf8 18. Bd3 Bxd3 19. Qxd3 exd4 20. exd4 Ne6 21. g3 Qf6 22. Ra2 {[%cal Ba1a2,Ba2e2,Be2e5][%mdl 32]} g6 23. Re2 Re7 24. f4 Rae8 25. Re5 g5 26. Qf5 (26. Rxd5 $1 $11 cxd5 27. Nxd5) 26... Qxf5 $17 27. Rxf5 gxf4 28. gxf4 Kg7 29. Kf2 (29. Rd3 $17) 29... Kg6 $19 30. Re5 Nxf4 31. Rxe7 Rxe7 {[%mdl 4096] Endgame KRN-KRN} 32. b5 axb5 33. axb5 Nh3+ $1 34. Kf1 Re3 35. Ne2 f5 36. bxc6 (36. Ra1 $142) 36... bxc6 37. Rb1 $2 (37. Ra1 $17 {is the only way for White.}) 37... Kg5 38. Rb7 h5 $2 (38... Ra3 $1 $19 {Strongly threatening ...f4.} 39. Kg2 Kg4 40. Rg7+ Ng5 41. h3+ Kh4) 39. Rg7+ $1 $15 Kf6 40. Rh7 (40. Rc7 $15) 40... Kg6 $2 (40... Ra3 $19 {Threatens to win with ...f4.} 41. Rxh5 f4) 41. Rc7 Re6 42. Nc1 f4 43. Nd3 $1 Kf5 {...Rg6 is the strong threat.} 44. Ne5 Ke4 45. Nxc6 (45. Kg2 $5 {[%cal Rg2h3]} Ng5 46. h4 f3+ 47. Kg3 $11) 45... Kd3 46. Nb4+ Kc4 47. Nxd5 {[#]} (47. Rc6 $15 Re3 48. Rb6) 47... Kxd5 {KRN-KR} (47... Rg6 $1 $17 48. Ne7 Rg1+ 49. Ke2 Rg2+ 50. Kd1 (50. Kf3 $2 Rf2+ 51. Ke4 Re2+ 52. Kf5 f3 $19) 50... f3) 48. Rh7 $11 Kxd4 49. Rxh5 Re3 50. c6 Rc3 51. Kg2 Ke4 52. Rxh3 $2 {[%mdl 8192] [#] KR-KR} (52. Rb5 $11) 52... f3+ $1 {Black mates.} 53. Kf2 Rc2+ 54. Ke1 Ke3 {[%cal Rc2c1]} 55. Kd1 Rxc6 56. Rh8 Rd6+ 57. Kc2 Re6 58. h4 f2 59. Rf8 Ke2 {Precision: White = 49%, Black = 60%.} 0-1

[Event "93rd FRA-ch Acession 2018"]
[Site "Nimes"]
[Date "2018.08.19"]
[Round "2"]
[White "Riff, Jean-Noel"]
[Black "Le Corre, Benjamin"]
[Result "1-0"]
[WhiteElo "2510"]
[BlackElo "2310"]
[Annotator "TA"]
[PlyCount "115"]
[EventDate "2018.08.18"]
[EventType "tourn"]
[EventCountry "FRA"]
[SourceTitle "playchess.com"]
[Source "ChessBase"]
[SourceQuality "1"]

{[%evp 11,115,56,42,43,70,58,99,57,69,57,94,61,87,-4,76,74,66,72,68,56,52,54,75,64,67,14,35,19,56,60,51,49,52,55,63,69,100,68,145,147,149,160,176,179,176,181,181,184,181,170,169,161,162,154,156,124,124,100,113,118,115,98,208,233,222,225,167,203,208,166,210,155,320,322,393,396,453,453,446,445,718,1095,1009,1306,723,1208,1161,843,4794,3816,29969,29970,29969,29969,29977,29978,29978,29979,29979,29980,29980,29981,29981,29982,29982,29983]} 1. e4 c5 2. Nf3 Nc6 3. Bb5 Qc7 4. O-O Nf6 5. Re1 e5 (5... e6 6. e5 Nd5 7. c4 Ndb4 8. d3 Nd4 9. Nxd4 cxd4 10. a3 Nc6 11. Bf4 Ne7 12. Nd2 Ng6 13. Bg3 h5 {1-0 (110) Stellwagen,D (2630)-Ljubojevic,L (2553) Amsterdam 2009}) 6. c3 {B30: Sicilian: 2...Nc6 3 Bb5, lines without ...g6} a6 {LiveBook: 4 Games} 7. Bf1 Be7 8. d4 {White is slightly better.} d6 9. h3 b6 $146 ({Predecessor:} 9... b5 10. a4 Rb8 11. axb5 axb5 12. b3 cxd4 13. cxd4 {0-1 (24) Varseev,D (1725)-Abramjan,L (1821) Nizhnij Novgorod 2010}) 10. Na3 Bb7 11. Nc4 O-O 12. Bg5 (12. d5 $16) 12... Rfe8 (12... cxd4 $11 13. cxd4 exd4) 13. dxc5 $16 dxc5 14. a4 b5 15. axb5 axb5 {Threatens to win with ...Rxa1.} 16. Rxa8 Bxa8 17. Ne3 c4 18. Nf5 (18. Bxf6 $14 Bxf6 19. Nd5) 18... Rd8 $11 19. Qc2 Ne8 20. Nxe7+ Nxe7 21. b3 f6 22. Be3 Nd6 23. Nd2 Rc8 24. Ra1 {bxc4 is the strong threat.} h6 ({Black should play} 24... cxb3 $14 25. Qxb3+ Kh8) 25. bxc4 $16 bxc4 26. Ra7 Bb7 {[#]} 27. Nxc4 $1 {[%mdl 512]} Nxc4 28. Qb3 Rb8 29. Qxc4+ Qxc4 30. Bxc4+ Kh7 31. f3 Nc8 32. Ra5 Nd6 33. Be2 Bc6 34. Ra6 Bb5 35. Bxb5 Nxb5 {[%mdl 4096] Endgame KRB-KRN} 36. c4 Nd4 (36... Nc3 $16 {is a better defense.}) 37. Bxd4 $1 $18 exd4 {KR-KR} 38. Rd6 Rb1+ 39. Kf2 Rb2+ 40. Kg3 Rd2 {[#]} 41. Kf4 $1 Kg6 $2 (41... Rxg2 $16 {was necessary.} 42. Rxd4 Kg6) 42. g4 {[%cal Bg2g4,Bg4h5,Bh5h6][%mdl 32]} Rd3 43. Rd7 Rd1 44. h4 h5 45. gxh5+ Kh7 (45... Kxh5 $142 46. Rxg7 Rc1) 46. Kf5 d3 47. f4 {[%cal Bf3f4,Bf4e5,Be5e6][%mdl 32]} Rc1 48. Rxd3 Rxc4 49. Rd8 Rc1 {[#]} 50. h6 $1 Rc5+ (50... gxh6 51. Rd7+) 51. e5 {White mates.} fxe5 52. fxe5 g6+ 53. Kf6 Rc1 54. e6 Rf1+ 55. Ke5 Re1+ {[#]} 56. Kd6 $1 Rd1+ 57. Kc7 Rc1+ 58. Kd7 {Precision: White = 73%, Black = 40%.} 1-0

[Event "93rd FRA-ch Acession 2018"]
[Site "Nimes"]
[Date "2018.08.19"]
[Round "2"]
[White "Barseghyan, Harutyun"]
[Black "Calistri, Tristan"]
[Result "1-0"]
[WhiteElo "2474"]
[BlackElo "2303"]
[Annotator "ChessBase"]
[PlyCount "52"]
[EventDate "2018.08.18"]
[EventType "tourn"]
[EventCountry "FRA"]
[SourceTitle "playchess.com"]
[Source "ChessBase"]
[SourceQuality "1"]
[TimeControl "40/5400+30:1800+30"]

1. d4 {[%emt 0:00:00]} Nf6 {[%emt 0:08:13]} 2. c4 {[%emt 0:00:00]} g6 {[%emt 0:00:12]} 3. Nc3 {[%emt 0:00:00]} Bg7 {[%emt 0:00:06]} 4. e4 {[%emt 0:00:00]} d6 {[%emt 0:00:05]} 5. Nf3 {[%emt 0:00:00]} O-O {[%emt 0:00:04]} 6. Be2 {[%emt 0:00:00]} e5 {[%emt 0:00:18]} 7. O-O {[%emt 0:00:00]} Nc6 {[%emt 0:00:14]} 8. d5 {[%emt 0:00:00]} Ne7 {[%emt 0:00:07]} 9. Ne1 {[%emt 0:00:02]} Nd7 {[%emt 0:00:32]} 10. Be3 {[%emt 0:00:24]} f5 {[%emt 0:00:08]} 11. f3 {[%emt 0:00:01]} f4 {[%emt 0:00:07]} 12. Bf2 {[%emt 0:00:02]} g5 {[%emt 0:00:04]} 13. Rc1 {[%emt 0:00:02]} Ng6 {[%emt 0:13:04]} 14. c5 {[%emt 0:00:27]} Nxc5 {[%emt 0:00:03]} 15. b4 {[%emt 0:00:05]} Na6 {[%emt 0:00:02]} 16. Nb5 {[%emt 0:00:05]} h5 {[%emt 0:00:44]} 17. Nxa7 {[%emt 0:00:10]} Bd7 {[%emt 0:00:03]} 18. Bxa6 {[%emt 0:00:19]} bxa6 {[%emt 0:01:08]} 19. Qc2 {[%emt 0:00:02]} Rf7 {[%emt 0:05:38]} 20. Qxc7 {[%emt 0:00:35]} Qf8 {[%emt 0:02:48]} 21. Qb6 {[%emt 0:00:43]} g4 {[%emt 0:05:56]} 22. Qxa6 {[%emt 0:00:07]} g3 {[%emt 0:00:12]} 23. Bb6 {[%emt 0:00:06]} Qe7 {[%emt 0:04:04]} 24. h3 {[%emt 0:26:37]} Bb5 {[%emt 0:10:10]} 25. Qxb5 {[%emt 0:02:59]} Rxa7 {[%emt 0:00:55]} 26. a4 {[%emt 0:00:16]} Qf8 1-0

[Event "93rd FRA-ch Acession 2018"]
[Site "Nimes"]
[Date "2018.08.19"]
[Round "2"]
[White "Viel, Simon"]
[Black "Bailet, Pierre"]
[Result "0-1"]
[WhiteElo "2318"]
[BlackElo "2496"]
[Annotator "TA"]
[PlyCount "66"]
[EventDate "2018.08.18"]
[EventType "tourn"]
[EventCountry "FRA"]
[SourceTitle "playchess.com"]
[Source "ChessBase"]
[SourceQuality "1"]

{[%evp 15,66,0,0,-6,6,-16,0,0,-5,-44,-39,-41,-50,-29,-24,-35,-38,-89,-87,-102,-90,-109,-114,-108,-116,-133,-98,-191,-182,-222,-178,-173,-149,-291,-281,-283,-275,-276,-269,-279,-258,-258,-241,-269,-258,-315,-301,-573,-556,-510,-491,-5477,-211]} 1. e4 g6 2. d4 Bg7 3. Nc3 c6 4. g3 d5 5. e5 Nh6 6. Bg2 {B06: Modern Defence} f6 7. f4 O-O (7... Qb6 8. h3 O-O 9. Nf3 Nf5 10. Ne2 c5 11. g4 Nxd4 12. Nfxd4 cxd4 13. Qxd4 Qxd4 14. Nxd4 {½-½ (47) Saptarshi,R (2449)-Bachmann,A (2652) Barcelona 2014}) 8. Nf3 Bg4 {LiveBook: 4 Games} 9. O-O Nd7 10. Be3 Qb6 $146 {Threatening ...fxe5.} ({Predecessor:} 10... a6 11. Qd2 Bxf3 12. Bxf3 {½-½ (38) Dmitriev,I (2350)-Muromtsev,A (2256) Saratov 2008}) 11. Na4 Qa5 12. c3 b5 13. exf6 Bxf6 14. Nc5 Nxc5 $1 15. dxc5 b4 $1 $36 {[%mdl 2048] Black has the initiative.} 16. Bd4 ({White should try} 16. c4 $15) 16... bxc3 $17 17. bxc3 Nf5 18. Qd3 Bxf3 19. Bxf3 Rab8 20. Rab1 Qa3 ({Reject} 20... Qxa2 $6 21. Bxf6 Rxb1 22. Qxb1 $15) 21. Bxf6 (21. Bf2 $17) 21... exf6 $19 {[%cal Be7f6,Bf6f5][%mdl 32]} 22. Kh1 Qxc5 23. Bg4 Nd6 24. Qa6 (24. Qd4 $17 Ne4 25. Qxc5 Nxc5 26. c4) 24... f5 25. Bf3 Rxb1 26. Rxb1 Qxc3 27. Rb3 Qc5 28. Kg2 Nb5 29. Qb7 Nd4 30. Re3 {[#] Strongly threatening Re7.} Qc2+ 31. Kh3 $2 (31. Kg1 Qd2 32. Qe7) 31... Nxf3 {Black is clearly winning.} 32. Rxf3 {intending Ra3.} Qe2 {Hoping for ...g5.} 33. Ra3 (33. Qb3 $142 Re8 34. a4) 33... Qh5+ $2 {Precision: White = 20%, Black = 72%.} (33... Qf1+ 34. Kh4 Qg2) 0-1

[Event "93rd FRA-ch Acession 2018"]
[Site "Nimes"]
[Date "2018.08.19"]
[Round "2"]
[White "Vidal, Llewellyn"]
[Black "Velten, Paul"]
[Result "0-1"]
[WhiteElo "2304"]
[BlackElo "2464"]
[Annotator "RC"]
[PlyCount "64"]
[EventDate "2018.08.18"]
[EventType "tourn"]
[EventCountry "FRA"]
[SourceTitle "playchess.com"]
[Source "ChessBase"]
[SourceQuality "1"]
[TimeControl "40/5400+30:1800+30"]

1. d4 {[%emt 0:00:00]} Nf6 {[%emt 0:01:03]} 2. Bg5 {[%emt 0:00:00]} e6 {[%emt 0:06:43]} 3. e4 {[%emt 0:00:03]} h6 {[%emt 0:00:23]} 4. Bxf6 {[%emt 0:00:04]} Qxf6 {[%emt 0:00:27]} 5. Nc3 {[%emt 0:00:43]} a6 {[%emt 0:01:12]} 6. Nf3 {[%emt 0:05:02]} d6 {[%emt 0:04:15]} 7. a4 {[%emt 0:03:48]} Nd7 {[%emt 0:02:28]} 8. Bc4 {[%emt 0:00:47]} g6 {[%emt 0:09:30]} 9. O-O {[%emt 0:02:52]} Bg7 {[%emt 0:00:21]} 10. Re1 {[%emt 0:02:50]} e5 {[%emt 0:02:38]} 11. dxe5 {[%emt 0:04:15]} dxe5 {[%emt 0:01:50]} 12. Nd5 {[%emt 0:09:15]} Qd8 {[%emt 0:00:50]} 13. a5 {[%emt 0:00:25]} O-O {[%emt 0:00:20]} 14. c3 {[%emt 0:02:03]} c6 {[%emt 0:05:40]} 15. Ne3 {[%emt 0:01:06]} Qe7 {[%emt 0:00:51]} 16. Qc2 {[%emt 0:01:46]} Nf6 {[%emt 0:01:22]} 17. h3 {[%emt 0:07:16]} Nh5 {[%emt 0:00:44]} 18. Rad1 {[%emt 0:09:23]} Nf4 {[%emt 0:02:22]} 19. b4 {[%emt 0:07:43]} Qf6 {[%emt 0:03:13]} 20. Nh2 {[%emt 0:04:53]} h5 {[%emt 0:00:34]} 21. Bf1 {[%emt 0:01:36]} Be6 {[%emt 0:01:09]} 22. c4 {[%emt 0:02:37]} Rfd8 {[%emt 0:04:23]} 23. c5 {[%emt 0:06:12]} Rd4 {[%emt 0:01:12]} 24. Rxd4 {[%emt 0:01:01]} exd4 {[%emt 0:00:11]} 25. Nc4 {[%emt 0:01:13]} d3 {[%emt 0:01:36]} 26. Qc1 {[%emt 0:20:28]} Qc3 {[%emt 0:02:11]} 27. Nd2 {[%emt 0:03:25]} Rd8 {[%emt 0:04:03]} 28. Nhf3 {[%emt 0:00:16]} Qxb4 {[%emt 0:01:45]} 29. e5 {[%emt 0:00:25]} Bh6 {[%emt 0:02:01]} 30. h4 {[%emt 0:02:40]} Bf5 {[%emt 0:03:47]} 31. Qb1 {[%emt 0:00:48]} Ne2+ {[%emt 0:02:51]} 32. Kh1 {[%emt 0:00:31]} Bxd2 {[%emt 0:00:15]} 0-1

[Event "93rd FRA-ch Acession 2018"]
[Site "Nimes"]
[Date "2018.08.20"]
[Round "3"]
[White "Bailet, Pierre"]
[Black "Joie, Sebastien"]
[Result "1/2-1/2"]
[WhiteElo "2496"]
[BlackElo "2424"]
[Annotator "ChessBase"]
[PlyCount "79"]
[EventDate "2018.08.18"]
[EventType "tourn"]
[EventCountry "FRA"]
[SourceTitle "playchess.com"]
[Source "ChessBase"]
[SourceQuality "1"]
[TimeControl "40/5400+30:1800+30"]

1. e4 {[%emt 0:00:00]} e5 {[%emt 0:00:00]} 2. Nf3 {[%emt 0:00:00]} Nf6 {[%emt 0:00:00]} 3. Nxe5 {[%emt 0:00:34]} d6 {[%emt 0:00:00]} 4. Nf3 {[%emt 0:00:10]} Nxe4 {[%emt 0:00:00]} 5. d4 {[%emt 0:00:34]} d5 {[%emt 0:00:01]} 6. Bd3 {[%emt 0:00:16]} Bd6 {[%emt 0:00:39]} 7. O-O {[%emt 0:03:36]} O-O {[%emt 0:00:09]} 8. c4 {[%emt 0:01:12]} c6 {[%emt 0:00:11]} 9. cxd5 {[%emt 0:02:56]} cxd5 {[%emt 0:00:09]} 10. Nc3 {[%emt 0:00:12]} Nxc3 {[%emt 0:00:11]} 11. bxc3 {[%emt 0:00:08]} Bg4 {[%emt 0:00:05]} 12. h3 {[%emt 0:01:27]} Bh5 {[%emt 0:00:07]} 13. Rb1 {[%emt 0:00:17]} b6 {[%emt 0:00:43]} 14. Re1 {[%emt 0:19:45]} Nc6 {[%emt 0:04:42]} 15. g3 {[%emt 0:05:34]} Bg6 {[%emt 0:17:00]} 16. Bxg6 {[%emt 0:05:05]} hxg6 {[%emt 0:08:08]} 17. Qb3 {[%emt 0:07:43]} Ne7 {[%emt 0:15:36]} 18. Rb2 {[%emt 0:09:36]} Rc8 {[%emt 0:06:56]} 19. Rbe2 {[%emt 0:01:18]} Rc4 {[%emt 0:02:47]} 20. Ba3 {[%emt 0:04:08]} Bxa3 {[%emt 0:09:41]} 21. Qxa3 {[%emt 0:00:10]} Nf5 {[%emt 0:02:24]} 22. Kg2 {[%emt 0:08:02]} Qc8 {[%emt 0:06:58]} 23. Qxa7 {[%emt 0:07:10]} Rxc3 {[%emt 0:00:12]} 24. Ng5 {[%emt 0:03:07]} Qc7 {[%emt 0:04:08]} 25. Qxc7 {[%emt 0:01:39]} Rxc7 {[%emt 0:00:01]} 26. Nf3 {[%emt 0:00:35]} Rc4 {[%emt 0:07:18]} 27. Ne5 {[%emt 0:02:42]} Rc7 {[%emt 0:00:01]} 28. Nf3 {[%emt 0:02:08]} Rc4 {[%emt 0:00:07]} 29. Ne5 {[%emt 0:00:28]} Rc7 {[%emt 0:00:03]} 30. Rb2 {[%emt 0:01:07]} Nxd4 {[%emt 0:02:30]} 31. Rd1 {[%emt 0:00:34]} Rc2 {[%emt 0:03:47]} 32. Rxc2 {[%emt 0:01:09]} Nxc2 {[%emt 0:00:02]} 33. Rxd5 {[%emt 0:00:23]} Re8 {[%emt 0:04:52]} 34. Nc4 {[%emt 0:01:49]} Nb4 {[%emt 0:00:21]} 35. Rd2 {[%emt 0:02:10]} b5 {[%emt 0:02:37]} 36. Ne3 {[%emt 0:00:11]} Ra8 {[%emt 0:00:46]} 37. Rb2 {[%emt 0:01:23]} Nxa2 {[%emt 0:00:16]} 38. Rxb5 {[%emt 0:00:06]} Nc3 {[%emt 0:00:31]} 39. Rb2 {[%emt 0:00:17]} Rd8 {[%emt 0:00:31]} 40. Rc2 {[%emt 0:00:05]} 1/2-1/2